| 000 | 00764cam a22002655i 4500 | ||
|---|---|---|---|
| 999 |
_c25688 _d25660 |
||
| 001 | 010691060 | ||
| 003 | EG-ScBUE | ||
| 005 | 20210111151102.0 | ||
| 008 | 870520s1986 enk fr 000 1 eng d | ||
| 020 | _a0340395656 | ||
| 020 | _a9780340395653 | ||
| 040 |
_aUk _beng _erda _cUk _dEG-ScBUE |
||
| 082 | 0 | 4 |
_a813.52 _bFAS _222 |
| 100 | 1 |
_aFast, Howard, _d1914-2003, _eauthor. _924993 |
|
| 245 | 1 | 4 |
_aThe immigrant's daughter / _cHoward Fast. |
| 264 | 1 |
_aSevenoaks : _bCoronet Books, _c1986. |
|
| 300 |
_a321 pages ; _c18 cm |
||
| 336 |
_atext _btxt _2rdacontent |
||
| 337 |
_aunmediated _bn _2rdamedia |
||
| 338 |
_avolume _bnc _2rdacarrier |
||
| 650 | 7 |
_aFamilies _vFiction. _2BUEsh _914027 |
|
| 651 | _2BUEsh | ||
| 653 |
_bHHUUEENN _cNovember2017 |
||
| 942 |
_2ddc _cBB |
||